[Event "ITA-chT (Women)"]
[Site "Montesilvano"]
[Date "2021.09.25"]
[Round "6.3"]
[White "Paolillo, Gaia"]
[Black "Andolfatto, Maria"]
[Result "1-0"]
[WhiteElo "2069"]
[BlackElo "2053"]
[PlyCount "69"]
[EventDate "2021.09.22"]
[EventType "team-tourn"]
[EventRounds "7"]
[EventCountry "ITA"]
[SourceTitle "EXT 2023"]
[Source "ChessBase"]
[SourceDate "2022.10.05"]
[SourceVersion "1"]
[SourceVersionDate "2022.10.05"]
[SourceQuality "1"]
[WhiteTeam "Chieti Fischer (W)"]
[BlackTeam "Excelsior (W)"]
[WhiteTeamCountry "ITA"]
[BlackTeamCountry "ITA"]

1. Nf3 d5 2. c4 d4 3. e3 Nc6 4. b4 dxe3 5. fxe3 Nxb4 6. d4 e5 7. a3 Nc6 8. Nc3 exd4 9. exd4 Bg4 10. Be3 Nge7 11. Be2 Nf5 12. Qd3 Nxe3 13. Qxe3+ Qe7 14. Qxe7+ Bxe7 15. Nb5 0-0-0 16. d5 Na5 17. 0-0 Bc5+ 18. Kh1 Rhe8 19. Ra2 c6 20. Nc3 Re3 21. Nd1 Rxa3 22. Rxa3 Bxa3 23. Nf2 Bxf3 24. Bxf3 Nxc4 25. dxc6 Ne5 26. cxb7+ Kb8 27. Be4 Bc5 28. g3 g6 29. h3 f5 30. Bg2 Nf7 31. Ne4 Be3 32. Nc3 Bd4 33. Nd5 Ne5 34. Nb4 Rd6 35. Rc1 1-0

[Event "ITA-chT (Women)"]
[Site "Montesilvano"]
[Date "2021.09.23"]
[Round "2.3"]
[White "Gueci, Tea"]
[Black "Paolillo, Gaia"]
[Result "1-0"]
[WhiteElo "2207"]
[BlackElo "2069"]
[PlyCount "171"]
[EventDate "2021.09.22"]
[EventType "team-tourn"]
[EventRounds "7"]
[EventCountry "ITA"]
[SourceTitle "EXT 2023"]
[Source "ChessBase"]
[SourceDate "2022.10.05"]
[SourceVersion "1"]
[SourceVersionDate "2022.10.05"]
[SourceQuality "1"]
[WhiteTeam "Caissa Italia Pentole Agnelli (W)"]
[BlackTeam "Chieti Fischer (W)"]
[WhiteTeamCountry "ITA"]
[BlackTeamCountry "ITA"]

1. e4 e6 2. d4 d5 3. Nd2 dxe4 4. Nxe4 Bd7 5. Nf3 Bc6 6. Bd3 Nd7 7. 0-0 Ngf6 8. Neg5 Bd6 9. Re1 0-0 10. Ne5 h6 11. Ngf3 Bxe5 12. dxe5 Nh7 13. Nd4 Nc5 14. Nxc6 bxc6 15. Qg4 Kh8 16. Bxh7 Kxh7 17. Be3 Nd7 18. Rad1 Qe7 19. Qe4+ Kh8 20. f4 Rfd8 21. Qxc6 Nb6 22. Bd4 Rac8 23. g3 Qd7 24. Qxd7 Rxd7 25. Bxb6 Rxd1 26. Rxd1 cxb6 27. c3 Rc7 28. Kf2 g6 29. Ke3 Kg7 30. Rd6 Kf8 31. Kd3 Ke7 32. c4 f6 33. b4 g5 34. Rd4 fxe5 35. fxe5 Rc8 36. h4 gxh4 37. Rxh4 Rg8 38. g4 Rg6 39. Ke4 Kd7 40. Kf4 Kc7 41. Rh2 a5 42. a3 axb4 43. axb4 Kb7 44. Rd2 Rg7 45. Rd6 Re7 46. Kg3 Rg7 47. Kh4 Rg6 48. Rd7+ Kc8 49. Re7 Kb8 50. Rh7 Kc8 51. Kg3 Kb8 52. Kf4 Kc8 53. Rf7 Rg8 54. Rf6 Rd8 55. Rxe6 Rd4+ 56. Kf3 Kc7 57. c5 b5 58. Rxh6 Rxb4 59. Rb6 Rb1 60. g5 b4 61. g6 b3 62. Kg2 Rb2+ 63. Kh3 Rb1 64. Kg2 Rb2+ 65. Kf1 Rb1+ 66. Ke2 Rg1 67. Kf2 Rg5 68. Rxb3 Rxg6 69. Kf3 Rc6 70. Rb5 Rh6 71. Ke4 Rh1 72. Kd5 Rd1+ 73. Ke6 Kc6 74. Ra5 Rf1 75. Ke7 Kc7 76. Ra6 Rc1 77. c6 Rf1 78. e6 Rf2 79. Ke8 Rf1 80. e7 Rf2 81. Ra4 Rf1 82. Rh4 Rf2 83. Rh7 Rf1 84. Rf7 Rh1 85. Rf6 Rh7 86. Kf8 1-0

[Event "ITA-chT (Women)"]
[Site "Montesilvano"]
[Date "2021.09.23"]
[Round "3.3"]
[White "Paolillo, Gaia"]
[Black "Movileanu, Daniela"]
[Result "1/2-1/2"]
[WhiteElo "2069"]
[BlackElo "2239"]
[PlyCount "103"]
[EventDate "2021.09.22"]
[EventType "team-tourn"]
[EventRounds "7"]
[EventCountry "ITA"]
[SourceTitle "EXT 2023"]
[Source "ChessBase"]
[SourceDate "2022.10.05"]
[SourceVersion "1"]
[SourceVersionDate "2022.10.05"]
[SourceQuality "1"]
[WhiteTeam "Chieti Fischer (W)"]
[BlackTeam "Mimosa Dragonfly (W)"]
[WhiteTeamCountry "ITA"]
[BlackTeamCountry "ITA"]

1. Nf3 c5 2. c4 Nc6 3. d4 cxd4 4. Nxd4 g6 5. Nc3 Bg7 6. Nxc6 bxc6 7. e4 Qb6 8. Qc2 Nf6 9. Be2 0-0 10. 0-0 d6 11. Rb1 Be6 12. Be3 Qc7 13. h3 Nd7 14. Rfc1 f5 15. exf5 Bxf5 16. Bd3 Ne5 17. Bxf5 gxf5 18. Ne2 Ng6 19. f4 Rae8 20. Qd2 Kh8 21. b4 Rg8 22. Nd4 Nh4 23. Ne6 Qd7 24. Ng5 h6 25. Qe2 Ng6 26. Qh5 Bf8 27. c5 Kg7 28. Nf3 Kh7 29. Ng5+ Kg7 30. Nf3 Kh7 31. cxd6 e5 32. fxe5 Nxe5 33. Nxe5 Rxe5 34. Bc5 Bxd6 35. Rd1 Qg7 36. Rd2 Bxc5+ 37. bxc5 Rxc5 38. Rbd1 Rd5 39. Qf3 Rxd2 40. Qxf5+ Qg6 41. Qxg6+ Kxg6 42. Rxd2 Rc8 43. Kf2 c5 44. Rd6+ Kg5 45. h4+ Kxh4 46. Rxh6+ Kg4 47. Ke2 Rb8 48. Ra6 Rb7 49. Kd3 Kg3 50. Rg6+ Kf4 51. Kc3 Rb6 52. Rxb6 1/2-1/2

[Event "ITA-ch Online (Women) Qual GpA"]
[Site "Premium Chess Arena INT"]
[Date "2020.11.20"]
[Round "7.3"]
[White "Arnetta, Maria Teresa"]
[Black "Paolillo, Gaia"]
[Result "1/2-1/2"]
[WhiteElo "2093"]
[BlackElo "2099"]
[PlyCount "69"]
[EventDate "2020.11.18"]
[EventType "tourn (rapid)"]
[EventRounds "7"]
[EventCountry "ITA"]
[SourceTitle "CBM 199 Extra"]
[Source "ChessBase"]
[SourceDate "2021.01.31"]
[SourceVersion "1"]
[SourceVersionDate "2021.01.31"]
[SourceQuality "1"]

1. e4 e6 2. b3 d5 3. Bb2 dxe4 4. Nc3 Nf6 5. Qe2 Be7 6. Nxe4 0-0 7. Nf3 Nc6 8. d4 a5 9. a4 Nxe4 10. Qxe4 Qd5 11. Qe3 Nb4 12. 0-0-0 b6 13. Bc4 Qf5 14. Qe2 Bb7 15. Bd3 Nxd3+ 16. Qxd3 Be4 17. Qe2 Rac8 18. Rhe1 Bxf3 19. gxf3 Bf6 20. Qe4 Qd5 21. Rg1 Rfd8 22. Kb1 Rd7 23. c4 Qh5 24. Qf4 Kh8 25. d5 Bxb2 26. Kxb2 exd5 27. Rg5 Qh6 28. cxd5 f6 29. Qf5 Qxg5 30. Qxd7 Qe5+ 31. Kb1 Rg8 32. Kc2 Qxh2 33. Rd2 h6 34. Re2 Qf4 35. Re3 1/2-1/2

[Event "ITA-ch Online (Women) Qual GpA"]
[Site "Premium Chess Arena INT"]
[Date "2020.11.20"]
[Round "6.3"]
[White "Paolillo, Gaia"]
[Black "Movileanu, Daniela"]
[Result "1/2-1/2"]
[WhiteElo "2099"]
[BlackElo "2239"]
[PlyCount "74"]
[EventDate "2020.11.18"]
[EventType "tourn (rapid)"]
[EventRounds "7"]
[EventCountry "ITA"]
[SourceTitle "CBM 199 Extra"]
[Source "ChessBase"]
[SourceDate "2021.01.31"]
[SourceVersion "1"]
[SourceVersionDate "2021.01.31"]
[SourceQuality "1"]

1. Nf3 c5 2. c4 Nc6 3. d4 cxd4 4. Nxd4 g6 5. Nc3 Nf6 6. e4 d6 7. Be3 Ng4 8. Qd2 Nxe3 9. Qxe3 Bg7 10. Nb3 0-0 11. Be2 a5 12. a4 Nb4 13. Qd2 Be6 14. 0-0 Qb6 15. Nb5 Nc6 16. Rac1 Rfd8 17. Kh1 Kh8 18. f4 f5 19. Bf3 Bf7 20. exf5 gxf5 21. Qf2 Qxf2 22. Rxf2 e5 23. fxe5 dxe5 24. Bd5 Bg6 25. Nc7 Rac8 26. Ne6 Re8 27. Nxg7 Kxg7 28. Bxc6 Rxc6 29. Nxa5 Rb6 30. b3 Ra8 31. c5 Rb4 32. Nc4 e4 33. Rb2 Bf7 34. Nd6 Be6 35. Rf2 Rxb3 36. Nxf5+ Bxf5 37. Rxf5 Rxa4 1/2-1/2

[Event "ITA-ch Online (Women) Qual GpA"]
[Site "Premium Chess Arena INT"]
[Date "2020.11.19"]
[Round "5.2"]
[White "Guerini, Silvia"]
[Black "Paolillo, Gaia"]
[Result "1-0"]
[WhiteElo "2016"]
[BlackElo "2099"]
[PlyCount "167"]
[EventDate "2020.11.18"]
[EventType "tourn (rapid)"]
[EventRounds "7"]
[EventCountry "ITA"]
[SourceTitle "CBM 199 Extra"]
[Source "ChessBase"]
[SourceDate "2021.01.31"]
[SourceVersion "1"]
[SourceVersionDate "2021.01.31"]
[SourceQuality "1"]

1. e4 e6 2. d4 d5 3. Nc3 dxe4 4. Nxe4 Bd7 5. Nf3 Bc6 6. Bd3 Nd7 7. 0-0 Ngf6 8. Ng3 g6 9. Re1 Bg7 10. c3 0-0 11. Bf4 Bxf3 12. Qxf3 Nd5 13. Bd2 c6 14. Ne4 a5 15. Qh3 N7f6 16. Bg5 Qc7 17. Nxf6+ Nxf6 18. Qh4 Nd5 19. a3 Rfe8 20. c4 Ne7 21. Re3 Nf5 22. Bxf5 exf5 23. Rae1 Qd7 24. Bf6 Rxe3 25. Rxe3 Re8 26. Bxg7 Kxg7 27. h3 Rxe3 28. fxe3 Qe6 29. Qf4 Qxc4 30. Qe5+ f6 31. Qc7+ Kh6 32. Qf4+ Kg7 33. Qc7+ Qf7 34. Qxa5 Qe7 35. Qd2 Qe4 36. Kf2 g5 37. b4 h5 38. Qe2 g4 39. h4 f4 40. exf4 Qxf4+ 41. Ke1 Qg3+ 42. Kd1 Qb3+ 43. Ke1 Qc3+ 44. Kf1 Qa1+ 45. Qe1 Qxd4 46. Qe7+ Kg6 47. Qe8+ Kf5 48. Qxh5+ Kf4 49. Qe8 g3 50. Qb8+ Kg4 51. Qg8+ Kxh4 52. Qh7+ Kg4 53. Qg6+ Kf4 54. Qh6+ Ke5 55. Qh5+ Kd6 56. Qf3 Qe5 57. Qd3+ Ke6 58. Qb3+ Kf5 59. Qc2+ Kg5 60. Qa2 Qf4+ 61. Ke1 Qe3+ 62. Kf1 Qd3+ 63. Ke1 Kf4 64. a4 Qc3+ 65. Kf1 Qd3+ 66. Ke1 Ke3 67. b5 Qc3+ 68. Kd1 Qd4+ 69. Ke1 Qc3+ 70. Kd1 Qd3+ 71. Ke1 cxb5 72. axb5 Qxb5 73. Qd2+ Ke4 74. Qc2+ Qd3 75. Qa4+ Kf5 76. Qa5+ Kf4 77. Qc7+ Kf5 78. Qh7+ Kg4 79. Qxd3 f5 80. Qf3+ Kh4 81. Kd2 b5 82. Kc3 b4+ 83. Kxb4 Kg5 84. Qxg3+ 1-0

[Event "ITA-ch Online (Women) Qual GpA"]
[Site "Premium Chess Arena INT"]
[Date "2020.11.18"]
[Round "1.2"]
[White "Paolillo, Gaia"]
[Black "Gueci, Tea"]
[Result "1/2-1/2"]
[WhiteElo "2099"]
[BlackElo "2204"]
[PlyCount "67"]
[EventDate "2020.11.18"]
[EventType "tourn (rapid)"]
[EventRounds "7"]
[EventCountry "ITA"]
[SourceTitle "CBM 199 Extra"]
[Source "ChessBase"]
[SourceDate "2021.01.31"]
[SourceVersion "1"]
[SourceVersionDate "2021.01.31"]
[SourceQuality "1"]

1. Nf3 d5 2. c4 e6 3. g3 c5 4. cxd5 exd5 5. d4 Nc6 6. Bg2 Nf6 7. 0-0 c4 8. Nc3 Be7 9. Ne5 0-0 10. Bg5 Be6 11. e3 Re8 12. f4 g6 13. g4 Nxe5 14. fxe5 Nxg4 15. Bxe7 Qxe7 16. Qf3 Rad8 17. Qf4 g5 18. Qg3 h5 19. Rf6 h4 20. Qf3 Nxf6 21. exf6 Qf8 22. Qh5 Bf5 23. Qxg5+ Bg6 24. Nxd5 Kh7 25. Qxh4+ Qh6 26. Qxh6+ Kxh6 27. Rc1 b5 28. Kf2 Re6 29. Rc3 Be4 30. Nf4 Ree8 31. Ra3 Rd6 32. Bxe4 Rxe4 33. Rxa7 Rxf6 34. Rb7 1/2-1/2

[Event "ITA-chT (Women) 10th"]
[Site "Gallipoli"]
[Date "2017.04.30"]
[Round "6.1"]
[White "Gueci, Tea"]
[Black "Paolillo, Gaia"]
[Result "1-0"]
[WhiteElo "2132"]
[BlackElo "2011"]
[PlyCount "79"]
[EventDate "2017.04.28"]
[EventType "team-tourn"]
[EventRounds "7"]
[EventCountry "ITA"]
[SourceTitle "CBM 178 Extra"]
[Source "ChessBase"]
[SourceDate "2017.06.22"]
[SourceVersion "1"]
[SourceVersionDate "2017.06.22"]
[SourceQuality "1"]
[WhiteTeam "Padova Obiettivo (W)"]
[BlackTeam "Chieti Fischer (W)"]
[WhiteTeamCountry "ITA"]
[BlackTeamCountry "ITA"]

1. e4 e6 2. d4 d5 3. Nd2 f5 4. exf5 exf5 5. Ngf3 Bd6 6. Bd3 Nf6 7. 0-0 0-0 8. c4 Nc6 9. Nb3 a5 10. a4 b6 11. c5 Be7 12. Bb5 Nb4 13. Bd2 c6 14. Bxb4 cxb5 15. axb5 Bd7 16. Qe2 axb4 17. Rxa8 Qxa8 18. c6 Qd8 19. cxd7 Qxd7 20. Ne5 Qd6 21. Rc1 Re8 22. Rc6 Qd8 23. Nc1 Bd6 24. Ncd3 b3 25. Qd1 Bxe5 26. dxe5 Ng4 27. f4 Qh4 28. h3 Ne3 29. Qf3 d4 30. Rxb6 Rc8 31. Rc6 Ra8 32. Ra6 Rc8 33. Ra8 Rxa8 34. Qxa8+ Kf7 35. Qb7+ Kg6 36. e6 Qg3 37. e7 Kf7 38. Ne5+ Kf6 39. e8N+ Ke6 40. Qd7# 1-0

[Event "World Amateur-ch U2300"]
[Site "Spoleto"]
[Date "2017.04.04"]
[Round "5"]
[White "Paolillo, Gaia"]
[Black "Battistella, Stefano"]
[Result "1-0"]
[WhiteElo "2011"]
[BlackElo "2067"]
[PlyCount "77"]
[EventDate "2017.04.01"]
[EventType "swiss"]
[EventRounds "9"]
[EventCountry "ITA"]
[SourceTitle "CBM 177 Extra"]
[Source "ChessBase"]
[SourceDate "2017.04.27"]
[SourceVersion "1"]
[SourceVersionDate "2017.04.27"]
[SourceQuality "1"]

1. Nf3 g6 2. c4 Bg7 3. g3 e5 4. Nc3 Nc6 5. Bg2 d6 6. 0-0 Be6 7. d3 h6 8. Rb1 Nge7 9. b4 Qd7 10. b5 Nd8 11. Re1 0-0 12. e4 Kh7 13. Nd5 f5 14. Nxe7 Qxe7 15. exf5 gxf5 16. Bb2 c5 17. bxc6 Nxc6 18. Qe2 Qf7 19. Nd4 Nxd4 20. Bxd4 Bc8 21. Bc3 Rb8 22. c5 f4 23. Be4+ Kh8 24. cxd6 f3 25. Qe3 b6 26. Bc6 Bd7 27. Be4 Qh5 28. Bd5 Rbe8 29. Rb4 Bg4 30. h4 a5 31. Rxb6 Bd7 32. Bc6 Rf4 33. Bb7 Kh7 34. Ra6 Ref8 35. Be4+ Kh8 36. Ra8 Rxa8 37. Bxa8 Rf8 38. Bd5 Qg4 39. Bxe5 1-0

[Event "World Amateur-ch U2300"]
[Site "Spoleto"]
[Date "2017.04.03"]
[Round "4"]
[White "Kanep, Siim"]
[Black "Paolillo, Gaia"]
[Result "1-0"]
[WhiteElo "2173"]
[BlackElo "2011"]
[PlyCount "85"]
[EventDate "2017.04.01"]
[EventType "swiss"]
[EventRounds "9"]
[EventCountry "ITA"]
[SourceTitle "CBM 177 Extra"]
[Source "ChessBase"]
[SourceDate "2017.04.27"]
[SourceVersion "1"]
[SourceVersionDate "2017.04.27"]
[SourceQuality "1"]

1. d4 Nf6 2. Nf3 c5 3. e3 g6 4. Nbd2 Bg7 5. c3 cxd4 6. exd4 0-0 7. Bd3 d6 8. 0-0 Nc6 9. Re1 Re8 10. Nc4 Nd5 11. Qb3 Nb6 12. Nxb6 Qxb6 13. Qxb6 axb6 14. d5 Ne5 15. Nxe5 dxe5 16. Be3 Rd8 17. c4 b5 18. cxb5 Rxd5 19. Bc4 Rd8 20. Bb6 Rd6 21. Bc5 Rd7 22. Rad1 Bf6 23. Rxd7 Bxd7 24. Rd1 Bf5 25. Bd5 Ra5 26. b4 Ra3 27. Bxb7 Rxa2 28. Bd5 Rb2 29. b6 Bc8 30. b7 Bxb7 31. Bxb7 e6 32. Bc6 Kg7 33. b5 Bd8 34. g3 Ba5 35. Ra1 Bd8 36. Ra6 Rc2 37. Be3 Bc7 38. Be4 Rb2 39. b6 Bb8 40. Ra8 Bd6 41. Rd8 f5 42. Rxd6 fxe4 43. Rd7+ 1-0

[Event "World Amateur-ch U2300"]
[Site "Spoleto"]
[Date "2017.04.01"]
[Round "1"]
[White "Paolillo, Gaia"]
[Black "Nannelli, Paolo"]
[Result "1/2-1/2"]
[WhiteElo "2011"]
[BlackElo "2189"]
[PlyCount "71"]
[EventDate "2017.04.01"]
[EventType "swiss"]
[EventRounds "9"]
[EventCountry "ITA"]
[SourceTitle "CBM 177 Extra"]
[Source "ChessBase"]
[SourceDate "2017.04.27"]
[SourceVersion "1"]
[SourceVersionDate "2017.04.27"]
[SourceQuality "1"]

1. Nf3 d5 2. c4 e6 3. g3 Nf6 4. Bg2 dxc4 5. Qa4+ Bd7 6. Qxc4 c5 7. 0-0 Nc6 8. Nc3 Rc8 9. d4 b5 10. Qd3 c4 11. Qd1 b4 12. Na4 Be7 13. Bg5 0-0 14. e3 Qe8 15. b3 c3 16. Bxf6 gxf6 17. Ne1 Na5 18. Nc5 Bb5 19. Ncd3 f5 20. f4 Bc6 21. Rf2 Kh8 22. Nc2 Bxg2 23. Rxg2 Nc6 24. Qf3 Qd7 25. Rd1 Qd5 26. Qxd5 exd5 27. Kf2 f6 28. Ra1 a5 29. Rgg1 Ra8 30. Nc5 Rfc8 31. Na4 Rab8 32. g4 fxg4 33. Rxg4 f5 34. Rg2 Re8 35. Rag1 Bf6 36. Nc5 1/2-1/2

[Event "EU-ch U18 Girls 26th"]
[Site "Prague"]
[Date "2016.08.21"]
[Round "4"]
[White "Verhoeff, Timardi"]
[Black "Paolillo, Gaia"]
[Result "0-1"]
[WhiteElo "1870"]
[BlackElo "2109"]
[PlyCount "126"]
[EventDate "2016.08.18"]
[EventType "swiss"]
[EventRounds "9"]
[EventCountry "CZE"]
[SourceTitle "CBM 174 Extra"]
[Source "ChessBase"]
[SourceDate "2016.10.10"]
[SourceVersion "1"]
[SourceVersionDate "2016.10.10"]
[SourceQuality "1"]

1. f4 e6 2. e3 d5 3. Nf3 c5 4. b3 Nc6 5. Bb2 Nh6 6. Bb5 f6 7. 0-0 Bd6 8. Nc3 0-0 9. Bxc6 bxc6 10. Ne2 Qe7 11. d3 e5 12. fxe5 fxe5 13. e4 c4 14. h3 dxe4 15. dxe4 Ba6 16. Qe1 Bb4 17. c3 Bc5+ 18. Kh2 cxb3 19. axb3 Bd3 20. b4 Bb6 21. Bc1 Nf7 22. Rh1 Bxe4 23. Ng3 Bxf3 24. gxf3 Ng5 25. Bxg5 Qxg5 26. Rf1 Qf4 27. Ra2 Rad8 28. Re2 Rd3 29. Rxe5 Bc7 30. Re2 Rxf3 31. Rxf3 Qxf3 32. Rg2 h6 33. Qe6+ Kh8 34. Qe7 Bb8 35. c4 Kh7 36. c5 Rf6 37. Qe1 Rg6 38. h4 a6 39. h5 Qxh5+ 40. Kg1 Qf3 41. Qe4 Qxe4 42. Nxe4 Rxg2+ 43. Kxg2 Kg6 44. Nd2 Be5 45. Nc4 Bc3 46. Na5 Bxb4 47. Nxc6 Bxc5 48. Nb8 a5 49. Nc6 a4 50. Ne5+ Kf5 51. Nd3 Bd4 52. Nb4 a3 53. Kf3 g5 54. Kg3 h5 55. Kh3 Bc3 56. Na2 Bd2 57. Kg3 h4+ 58. Kh3 Kf4 59. Kg2 g4 60. Kf1 Kf3 61. Kg1 g3 62. Kh1 h3 63. Kg1 h2+ 0-1

[Event "ITA-ch (Women)"]
[Site "Perugia"]
[Date "2016.07.24"]
[Round "?"]
[White "Gueci, Tea"]
[Black "Paolillo, Gaia"]
[Result "1-0"]
[WhiteElo "2243"]
[BlackElo "2109"]
[PlyCount "77"]
[EventDate "2016.07.18"]
[EventType "tourn"]
[EventRounds "7"]
[EventCountry "ITA"]
[SourceTitle "EXT 2024"]
[Source "ChessBase"]
[SourceDate "2023.10.10"]
[SourceVersion "1"]
[SourceVersionDate "2023.10.10"]
[SourceQuality "1"]

1. e4 e6 2. d4 d5 3. Nd2 Nf6 4. e5 Nfd7 5. Bd3 b6 6. Ne2 c5 7. c3 Ba6 8. Bxa6 Nxa6 9. 0-0 Be7 10. f4 0-0 11. Nf3 f6 12. exf6 Bxf6 13. Be3 Nc7 14. Ng3 Qe8 15. Qe2 Qg6 16. Rae1 Rae8 17. Qd1 a6 18. Qa4 Qf7 19. Ne5 Bxe5 20. fxe5 Qe7 21. Qc6 Na8 22. Rxf8+ Rxf8 23. Rf1 Re8 24. Nh5 cxd4 25. cxd4 h6 26. Rf3 Qh4 27. Ng3 Qd8 28. Ne2 Qc8 29. Qa4 b5 30. Qd1 Nf8 31. Rg3 Kh8 32. Qd2 Qc7 33. h3 Nb6 34. Bxh6 gxh6 35. Qxh6+ Nh7 36. Nf4 Rg8 37. Qg6 Qc1+ 38. Kh2 Ng5 39. Qh6+ 1-0

[Event "ITA-ch (Women)"]
[Site "Perugia"]
[Date "2016.07.??"]
[Round "?"]
[White "Paolillo, Gaia"]
[Black "Gueci, Laura"]
[Result "1/2-1/2"]
[WhiteElo "2109"]
[BlackElo "1946"]
[PlyCount "77"]
[EventDate "2016.07.18"]
[EventType "tourn"]
[EventRounds "7"]
[EventCountry "ITA"]
[SourceTitle "EXT 2024"]
[Source "ChessBase"]
[SourceDate "2023.10.10"]
[SourceVersion "1"]
[SourceVersionDate "2023.10.10"]
[SourceQuality "1"]

1. Nf3 c5 2. c4 Nc6 3. Nc3 g6 4. g3 Bg7 5. Bg2 d6 6. 0-0 Bf5 7. d3 Qd7 8. Rb1 Bh3 9. Bxh3 Qxh3 10. Nd5 Qd7 11. Bd2 e6 12. Bc3 f6 13. Ne3 e5 14. b4 Nge7 15. Nd5 0-0 16. e3 Nxd5 17. cxd5 Nxb4 18. Bxb4 cxb4 19. Rxb4 Rfc8 20. Qb3 Rc7 21. Nd2 Rac8 22. Nc4 b6 23. a4 Rc5 24. Rb1 Bf8 25. d4 R5c7 26. dxe5 fxe5 27. a5 b5 28. Nxe5 dxe5 29. d6+ Rc4 30. Rxb5 Bxd6 31. Rb7 Qe6 32. Rxa7 Rc1+ 33. Kg2 Qxb3 34. Rxb3 R1c7 35. Ra6 Rc6 36. Ra7 Bc5 37. Rd7 Ra6 38. Rb5 Bf8 39. Rdd5 1/2-1/2

[Event "ITA-ch (Women)"]
[Site "Giovinazzo"]
[Date "2015.07.20"]
[Round "2"]
[White "Di Benedetto, Desiree"]
[Black "Paolillo, Gaia"]
[Result "0-1"]
[WhiteElo "2152"]
[BlackElo "2140"]
[PlyCount "80"]
[EventDate "2015.07.19"]
[EventType "swiss"]
[EventRounds "9"]
[EventCountry "ITA"]
[SourceTitle "EXT 2024"]
[Source "ChessBase"]
[SourceDate "2023.10.10"]
[SourceVersion "1"]
[SourceVersionDate "2023.10.10"]
[SourceQuality "1"]

1. e4 e6 2. d4 d5 3. Nc3 Nf6 4. Bg5 Be7 5. e5 Nfd7 6. Bxe7 Qxe7 7. f4 a6 8. Nf3 c5 9. Qd2 Nc6 10. dxc5 Nxc5 11. Bd3 f6 12. exf6 Qxf6 13. 0-0 0-0 14. g3 Bd7 15. a3 Rac8 16. Rae1 Be8 17. Ng5 Nxd3 18. Qxd3 Bg6 19. Qd2 Rfe8 20. Nf3 Kh8 21. Ne5 Nxe5 22. Rxe5 Qd8 23. Qf2 Bf5 24. Rfe1 Qd6 25. Nxd5 Rxc2 26. R1e2 Rc1+ 27. Re1 Rec8 28. Nc3 Rxe1+ 29. Rxe1 Bg4 30. Qg2 Qd4+ 31. Qf2 Rd8 32. Qxd4 Rxd4 33. Rf1 Kg8 34. Rf2 Kf7 35. Kf1 Ke7 36. Ke1 Kd6 37. Rc2 h5 38. Kf2 Bf5 39. Re2 Kc5 40. Nd1 Rxd1 0-1

[Event "ITA-ch (Women)"]
[Site "Giovinazzo"]
[Date "2015.07.20"]
[Round "3"]
[White "Paolillo, Gaia"]
[Black "Gueci, Tea"]
[Result "1/2-1/2"]
[WhiteElo "2140"]
[BlackElo "2136"]
[PlyCount "63"]
[EventDate "2015.07.19"]
[EventType "swiss"]
[EventRounds "9"]
[EventCountry "ITA"]
[SourceTitle "EXT 2024"]
[Source "ChessBase"]
[SourceDate "2023.10.10"]
[SourceVersion "1"]
[SourceVersionDate "2023.10.10"]
[SourceQuality "1"]

1. Nf3 c5 2. c4 g6 3. g3 Bg7 4. Bg2 Nc6 5. Nc3 e6 6. 0-0 Nge7 7. d4 cxd4 8. Nb5 d5 9. cxd5 Nxd5 10. Nbxd4 Nxd4 11. Nxd4 0-0 12. e3 Qe7 13. Qb3 Nb6 14. Bd2 Rd8 15. Bb4 Qe8 16. Ba5 e5 17. Bxb6 axb6 18. Nf3 b5 19. Rfd1 Be6 20. Rxd8 Rxd8 21. Qb4 Bd5 22. a3 Bc6 23. Rc1 Qd7 24. Ng5 Bxg2 25. Kxg2 h6 26. Ne4 f5 27. Nc3 Qc6+ 28. Kg1 Rd2 29. Na2 Qd7 30. Nc3 Qc6 31. Na2 Qd7 32. Nc3 1/2-1/2

[Event "Montesilvano Promenade op 1st"]
[Site "Montesilvano"]
[Date "2015.01.05"]
[Round "5"]
[White "Paolillo, Gaia"]
[Black "Capitelli, Paolo"]
[Result "1-0"]
[WhiteElo "1899"]
[BlackElo "2071"]
[PlyCount "125"]
[EventDate "2015.01.03"]
[EventType "swiss"]
[EventRounds "6"]
[EventCountry "ITA"]
[SourceTitle "CBM 164 Extra"]
[Source "ChessBase"]
[SourceDate "2015.03.02"]
[SourceVersion "1"]
[SourceVersionDate "2015.03.02"]
[SourceQuality "1"]

1. Nf3 Nf6 2. c4 g6 3. g3 Bg7 4. Bg2 d6 5. d4 0-0 6. 0-0 Nc6 7. Nc3 Bg4 8. d5 Na5 9. Qd3 c5 10. h3 Bd7 11. e4 Ne8 12. Re1 a6 13. b3 b5 14. Bb2 Rb8 15. Rab1 Qc8 16. Kh2 Nf6 17. Nd2 h5 18. f4 h4 19. gxh4 Nh5 20. Ne2 Bxb2 21. Rxb2 bxc4 22. Nxc4 Nxc4 23. Qxc4 Bb5 24. Qc1 Bxe2 25. Rbxe2 Rb4 26. Bf3 Ng7 27. f5 e6 28. f6 Ne8 29. Qg5 Qd8 30. dxe6 Qxf6 31. e7 Qxf3 32. exf8Q+ Kxf8 33. Qg3 Qxg3+ 34. Kxg3 Nf6 35. Kf3 c4 36. bxc4 Rxc4 37. Rd1 Ne8 38. Rd5 Ra4 39. Rd3 f6 40. h5 gxh5 41. Rd5 Ra3+ 42. Kg2 h4 43. Rh5 Ng7 44. Rxh4 Ne6 45. Rf2 Kg7 46. Rg4+ Kf7 47. h4 Ng7 48. Rgf4 Nh5 49. Rf5 Kg6 50. Rd5 Ra4 51. Rxd6 Rxe4 52. Rxa6 Rxh4 53. a4 Kg5 54. Ra5+ Kg4 55. Raf5 Rh3 56. R2f3 Rg3+ 57. Rxg3+ Kxf5 58. Rb3 Nf4+ 59. Kf3 Ne6 60. Rb5+ Kg6 61. Ke4 Kf7 62. a5 f5+ 63. Rxf5+ 1-0

[Event "Montesilvano Promenade op 1st"]
[Site "Montesilvano"]
[Date "2015.01.04"]
[Round "3"]
[White "Di Donatantonio, Franco"]
[Black "Paolillo, Gaia"]
[Result "1-0"]
[WhiteElo "2114"]
[BlackElo "1899"]
[PlyCount "127"]
[EventDate "2015.01.03"]
[EventType "swiss"]
[EventRounds "6"]
[EventCountry "ITA"]
[SourceTitle "CBM 164 Extra"]
[Source "ChessBase"]
[SourceDate "2015.03.02"]
[SourceVersion "1"]
[SourceVersionDate "2015.03.02"]
[SourceQuality "1"]

1. d3 d5 2. Nd2 Nf6 3. e4 e6 4. Ngf3 c5 5. Be2 Nc6 6. 0-0 Bd6 7. Re1 0-0 8. c3 Qc7 9. Qc2 Bd7 10. Nf1 b5 11. Bg5 Ne8 12. Ne3 d4 13. Nf1 f6 14. Bd2 a6 15. Ng3 Rc8 16. Rac1 Kh8 17. cxd4 cxd4 18. Qb1 Qa7 19. b4 Nc7 20. Qb2 Na8 21. Bd1 e5 22. a3 Ne7 23. Bb3 Nb6 24. Nh4 Rxc1 25. Rxc1 Rc8 26. Rxc8+ Bxc8 27. Qc2 g6 28. Qd1 Ng8 29. Qc2 Qc7 30. Qa2 Qd8 31. Nf3 Kg7 32. h3 Bd7 33. Nh2 h5 34. Nf3 Ne7 35. Nh4 Qc8 36. Bf7 Be8 37. Bb3 Na4 38. Ne2 Bd7 39. Kh2 Be8 40. Bc1 Bd7 41. Qd2 Qh8 42. Qa2 Qb8 43. Be6 Qc8 44. Bb3 Qb8 45. Ng3 Nc3 46. Qd2 Qh8 47. Ne2 Na4 48. Qd1 Qb8 49. Ng3 Nc3 50. Nxh5+ Kf8 51. Bh6+ Ke8 52. Nxf6+ Kd8 53. Qf3 Bc8 54. Ng8 Nxg8 55. Bxg8 Kc7 56. Bb3 Bd7 57. Nxg6 a5 58. bxa5 Bxa3 59. Qf6 Bd6 60. Bf8 Bxf8 61. Nxf8 Kc8 62. Nxd7 Kxd7 63. Qe6+ Kd8 64. Qg8+ 1-0

[Event "ITA-ch U16 Girls"]
[Site "Tarvisio"]
[Date "2014.06.30"]
[Round "3"]
[White "Capaliku, Margeri"]
[Black "Paolillo, Gaia"]
[Result "0-1"]
[WhiteElo "1377"]
[BlackElo "1916"]
[PlyCount "70"]
[EventDate "2014.06.29"]
[EventType "swiss"]
[EventRounds "9"]
[EventCountry "ITA"]
[SourceTitle "EXT 2015"]
[Source "ChessBase"]
[SourceDate "2014.11.20"]
[SourceVersion "1"]
[SourceVersionDate "2014.11.20"]
[SourceQuality "1"]

1. e4 e5 2. Nf3 Nc6 3. d4 exd4 4. Bc4 Bc5 5. 0-0 Nf6 6. e5 d5 7. exf6 dxc4 8. Re1+ Be6 9. fxg7 Rg8 10. Ng5 Qd5 11. Ne4 Be7 12. Ng3 Rxg7 13. Bf4 0-0-0 14. a4 Bg5 15. Re4 f5 16. Bxg5 fxe4 17. Bxd8 Nxd8 18. Na3 Re7 19. Nb5 Nc6 20. Qd2 a6 21. Na3 Bf7 22. Rd1 Bg6 23. Qh6 d3 24. c3 b5 25. axb5 axb5 26. Qh3+ Kb7 27. Qh4 e3 28. fxe3 Rxe3 29. Nf1 Re2 30. Qg3 Rxb2 31. Ne3 Qc5 32. Nb1 Re2 33. Re1 d2 34. Rxe2 d1Q+ 35. Re1 Qdd6 0-1